Nevyfakturované dodávky ku dňu zostavenia účtovnej závierky

Povinnosť uvádzať informácie v účtovnej závierku ku dňu, ku ktorému sa zostavuje účtovná závierka. Účtovanie elektrickej energie počas účtovného obdobia. Dodávka splnená, účtovný doklad do konca účtovného obdobia nedoručený. Nevyfakturované dodávky, záväzky a pohľadávky. Zásady účtovania o nevyfaktu...

Descrizione completa

Salvato in:
Dettagli Bibliografici
Autore principale: Novotná, Ľudmila
Natura: Capitolo di libro
Lingua:slovacco
Soggetti:
Tags: Aggiungi Tag
Nessun Tag, puoi essere il primo ad aggiungerne!!

MARC

LEADER 00000naa a2200000 4500
001 0281537
005 20240417075151.5
041 0 |a slo 
044 |a SK 
245 1 0 |a Nevyfakturované dodávky ku dňu zostavenia účtovnej závierky  |c Ľudmila Novotná 
520 |a Povinnosť uvádzať informácie v účtovnej závierku ku dňu, ku ktorému sa zostavuje účtovná závierka. Účtovanie elektrickej energie počas účtovného obdobia. Dodávka splnená, účtovný doklad do konca účtovného obdobia nedoručený. Nevyfakturované dodávky, záväzky a pohľadávky. Zásady účtovania o nevyfakturovaných dodávkach záväzkov a nevyfakturovaných pohľadávkach na konkrétnych príkladoch. 
610 2 0 |a účtovanie 
610 2 0 |a závierka účtovná 
610 2 0 |a fakturovanie 
610 2 0 |a pohľadávky 
610 2 0 |a záväzky 
100 1 |a Novotná, Ľudmila